[Event "XXXV Festival A"]
[Site "Arco ITA"]
[Date "2013.10.15"]
[Round "4"]
[White "Bonagura, Stefano"]
[Black "Bruno, Fabio"]
[WhiteElo "2183"]
[BlackElo "2408"]
[Result "1/2-1/2"]
[PlyCount "102"]
[EventDate "2013.10.12"]

1. c4 c5 2. g3 g6 3. Bg2 Bg7 4. Nc3 Nc6 5. Nf3 d6 6. O-O Nh6 7. d4 cxd4 8. Bxh6
Bxh6 9. Nxd4 Bd7 10. c5 dxc5 11. Nxc6 Bxc6 12. Bxc6+ bxc6 13. Qa4 O-O 14. Qxc6
Rc8 15. Qa4 e6 16. Qxa7 Rc7 17. Qb6 Bg7 18. a4 Qe7 19. Nb5 Rb7 20. Qc6 Bxb2 21.
Ra2 Be5 22. Rc1 Rfb8 23. Qxc5 Qf6 24. Kg2 Rxb5 25. axb5 Bd4 26. Qc6 Qxf2+ 27.
Kh1 Be3 28. Rd1 Kg7 29. Rb2 Bd4 30. Rbb1 Qe3 31. Qf3 Qe5 32. Qf4 Qd5+ 33. e4
Qd8 34. Rxd4 Qxd4 35. Qxb8 Qxe4+ 36. Kg1 Qxb1+ 37. Kf2 Qc2+ 38. Kg1 Qd1+ 39.
Kf2 Qd2+ 40. Kf3 Qd3+ 41. Kf2 Qd4+ 42. Kg2 e5 43. b6 e4 44. b7 e3 45. Kf3 g5
46. h3 h5 47. Qc8 g4+ 48. hxg4 hxg4+ 49. Qxg4+ Qxg4+ 50. Kxg4 e2 51. b8=Q e1=Q
1/2-1/2

[Event "XXXV Festival A"]
[Site "Arco ITA"]
[Date "2013.10.15"]
[Round "4"]
[White "Cardili, Mariano"]
[Black "Zangrando, Gianpietro"]
[WhiteElo "2127"]
[BlackElo "1823"]
[Result "1/2-1/2"]
[PlyCount "31"]
[EventDate "2013.10.12"]

1. d4 g6 2. c4 Bg7 3. Nc3 d6 4. Nf3 Nd7 5. e4 e5 6. Be2 Ne7 7. O-O O-O 8. d5 h6
9. Ne1 f5 10. Nd3 Nf6 11. f3 g5 12. Bd2 Ng6 13. c5 Nf4 14. Bxf4 exf4 15. e5
dxe5 16. Qb3 1/2-1/2

[Event "XXXV Festival A"]
[Site "Arco ITA"]
[Date "2013.10.15"]
[Round "4"]
[White "De Santis, Alessio"]
[Black "Karl, Hans"]
[WhiteElo "2294"]
[BlackElo "2131"]
[Result "1-0"]
[PlyCount "95"]
[EventDate "2013.10.12"]

1. Nf3 Nf6 2. c4 d6 3. b3 g6 4. Bb2 Bg7 5. g3 c6 6. Bg2 Bg4 7. d3 O-O 8. Nbd2
e5 9. h3 Bxf3 10. Nxf3 Nbd7 11. O-O Re8 12. Rc1 Qe7 13. Rc2 Rad8 14. Qa1 Nh5
15. e4 c5 16. Re2 Bh6 17. Nh2 Nf8 18. Ng4 Bg7 19. Ne3 Ne6 20. Nd5 Qf8 21. Kh2
Nf6 22. Nxf6+ Bxf6 23. f4 Nd4 24. Bxd4 exd4 25. Qe1 Re7 26. h4 Rde8 27. Qf2 Bg7
28. Rfe1 b6 29. Qf3 Kh8 30. h5 h6 31. hxg6 fxg6 32. Qg4 Qf7 33. Rh1 Qf6 34. Kg1
Kg8 35. Rf2 Rf8 36. Bh3 Kh7 37. Qf3 Kg8 38. Rhh2 Kh7 39. Qh1 Kg8 40. Bg2 Kh7
41. Bh3 Kg8 42. Bg4 Ref7 43. Rh3 Re7 44. Bf3 Rfe8 45. Rfh2 g5 46. Rxh6 Bxh6 47.
Rxh6 Qg7 48. e5 1-0

[Event "XXXV Festival A"]
[Site "Arco ITA"]
[Date "2013.10.15"]
[Round "4"]
[White "Drasko, Milan"]
[Black "Barlocco, Carlo"]
[WhiteElo "2451"]
[BlackElo "2148"]
[Result "1-0"]
[PlyCount "77"]
[EventDate "2013.10.12"]

1. Nf3 Nf6 2. g3 Nc6 3. d4 e6 4. Bg2 d5 5. O-O Be7 6. c4 O-O 7. Qc2 Nb4 8. Qb3
dxc4 9. Qxc4 b5 10. Qb3 Bb7 11. a3 Nc6 12. Qxb5 Rb8 13. Qa4 Qd5 14. Nc3 Qh5 15.
e4 Rfd8 16. Bf4 Rdc8 17. Rac1 Nd7 18. Rfd1 Nb6 19. Qb5 g5 20. Be3 Ba8 21. Qe2
f6 22. d5 Nd8 23. Nb5 Rb7 24. Nxa7 Rcb8 25. Nc6 Nxc6 26. dxc6 Ra7 27. Qc2 Ra6
28. Nd4 Nc8 29. Qc4 Rab6 30. Qxe6+ Qf7 31. Qxf7+ Kxf7 32. b4 Ra6 33. Rc3 Bd6
34. Bf1 Rab6 35. b5 Be5 36. Bc4+ Kg6 37. a4 Nd6 38. f4 Nxe4 39. Bd3 1-0

[Event "XXXV Festival A"]
[Site "Arco ITA"]
[Date "2013.10.15"]
[Round "4"]
[White "Huemmer, Bernd"]
[Black "Ivanov, Mikhail M."]
[WhiteElo "2195"]
[BlackElo "2347"]
[Result "1/2-1/2"]
[PlyCount "78"]
[EventDate "2013.10.12"]

1. d4 Nf6 2. Nf3 g6 3. c3 Bg7 4. Bg5 O-O 5. Nbd2 d5 6. e3 Nbd7 7. Bd3 b6 8. O-O
Bb7 9. a4 a5 10. Qe2 Ne4 11. Bf4 h6 12. h3 g5 13. Bh2 f5 14. Ne5 Nxe5 15. Bxe5
Bxe5 16. dxe5 Nc5 17. Qh5 Kg7 18. Bc2 e6 19. Nb3 Qe8 20. Qxe8 Rfxe8 21. f4 Ba6
22. Rfd1 Nd7 23. g3 h5 24. h4 gxh4 25. gxh4 Kf7 26. Kf2 Rg8 27. Rh1 Nc5 28.
Nxc5 bxc5 29. Rhg1 Rg4 30. Bd1 Rb8 31. Bxg4 fxg4 32. Kg3 Rxb2 33. Rab1 Rc2 34.
Rgc1 Ra2 35. Ra1 Re2 36. Re1 Rc2 37. Rec1 Re2 38. Re1 Rc2 39. Rec1 Re2 1/2-1/2

[Event "XXXV Festival A"]
[Site "Arco ITA"]
[Date "2013.10.15"]
[Round "4"]
[White "Joerges, Frank"]
[Black "Facchetti, Gianni"]
[WhiteElo "1926"]
[BlackElo "2080"]
[Result "1/2-1/2"]
[PlyCount "87"]
[EventDate "2013.10.12"]

1. d4 Nf6 2. Nf3 d6 3. c4 Nbd7 4. Nc3 e5 5. e4 Be7 6. Be2 exd4 7. Nxd4 Nc5 8.
Bf3 a5 9. b3 O-O 10. O-O c6 11. Re1 Be6 12. Nxe6 Nxe6 13. Be3 Qc7 14. Rc1 Rfd8
15. Qc2 Nd7 16. Be2 Bg5 17. Bg4 Bxe3 18. Rxe3 Ndf8 19. Bxe6 Nxe6 20. g3 Nc5 21.
Qd2 Re8 22. Rd1 Rad8 23. Qe2 f6 24. Qg4 Qe7 25. h4 Qe6 26. Qxe6+ Rxe6 27. Kg2
Kf7 28. h5 Rde8 29. Rde1 R6e7 30. g4 g5 31. Kg3 Re5 32. R1e2 Ke7 33. Rd2 Rd8
34. Rd1 Kd7 35. Re2 Kc7 36. f3 Ne6 37. Red2 Nf4 38. Kf2 b6 39. Ke3 Ree8 40. Rc1
Rd7 41. Rcd1 Re5 42. Rd4 Rd8 43. R4d2 Rd7 44. Kd4 1/2-1/2

[Event "XXXV Festival A"]
[Site "Arco ITA"]
[Date "2013.10.15"]
[Round "4"]
[White "Kierzek, Matthias"]
[Black "Karpatchev, Aleksandr"]
[WhiteElo "2236"]
[BlackElo "2461"]
[Result "1-0"]
[PlyCount "93"]
[EventDate "2013.10.12"]

1. d4 Nf6 2. c4 c5 3. d5 b5 4. cxb5 a6 5. f3 e6 6. e4 exd5 7. e5 Qe7 8. Qe2 Ng8
9. Nc3 Bb7 10. Nh3 Qh4+ 11. g3 Qb4 12. Bd2 d4 13. Nd5 Qxd2+ 14. Qxd2 Bxd5 15.
Nf4 Bb7 16. bxa6 Nxa6 17. Bc4 Nc7 18. O-O Ne7 19. b4 Nc6 20. bxc5 Bxc5 21. Nd3
Be7 22. Rab1 Na5 23. Bb5 O-O 24. f4 Nxb5 25. Rxb5 Bd8 26. f5 Bc6 27. f6 Be4 28.
Nc5 Bg6 29. fxg7 Re8 30. Nxd7 d3 31. Qb4 Kxg7 32. e6 f6 33. Nxf6 Bxf6 34. Rxa5
Rxa5 35. Qxa5 Rxe6 36. Qd5 Re2 37. Qd7+ Re7 38. Qd6 Rf7 39. Rf3 Be7 40. Rxf7+
Kxf7 41. Qd5+ Kg7 42. a4 h5 43. a5 Kh6 44. a6 Bg5 45. Kf2 d2 46. h4 Be7 47.
Qxd2+ 1-0

[Event "XXXV Festival A"]
[Site "Arco ITA"]
[Date "2013.10.15"]
[Round "4"]
[White "Knors, Rudi"]
[Black "De Eccher, Stefano"]
[WhiteElo "2100"]
[BlackElo "2239"]
[Result "0-1"]
[PlyCount "86"]
[EventDate "2013.10.12"]

1. d4 d5 2. Nf3 Nf6 3. c4 c6 4. Nc3 dxc4 5. a4 Bf5 6. e3 e6 7. Bxc4 Bb4 8. O-O
Nbd7 9. Qe2 Bg6 10. Rd1 O-O 11. Bd3 Bxd3 12. Rxd3 Qe7 13. e4 e5 14. dxe5 Nxe5
15. Nxe5 Qxe5 16. f3 Rad8 17. Be3 Rxd3 18. Qxd3 Qa5 19. Qc2 Rd8 20. Rd1 Rxd1+
21. Qxd1 h6 22. Qd4 a6 23. Qc4 Nd7 24. Qd3 Bxc3 25. bxc3 Nc5 26. Bxc5 Qxc5+ 27.
Qd4 Qa3 28. Qb4 Qa1+ 29. Kf2 Qa2+ 30. Kf1 b5 31. a5 Kh7 32. Qc5 g6 33. Qxc6
Qxa5 34. e5 Qa2 35. h4 h5 36. Qc5 Qb3 37. Qc7 Kg7 38. Qd6 a5 39. Qd4 Kh7 40. g4
hxg4 41. fxg4 a4 42. Qa7 Qc4+ 43. Kf2 Qf4+ 0-1

[Event "XXXV Festival A"]
[Site "Arco ITA"]
[Date "2013.10.15"]
[Round "4"]
[White "Kveinys, Aloyzas"]
[Black "Van Der Heijden, Anton"]
[WhiteElo "2511"]
[BlackElo "2300"]
[Result "1-0"]
[PlyCount "81"]
[EventDate "2013.10.12"]

1. d4 Nf6 2. Nf3 g6 3. c4 Bg7 4. g3 O-O 5. Bg2 d6 6. O-O Nbd7 7. Nc3 e5 8. Qc2
c6 9. Rd1 Re8 10. b3 Qa5 11. Bd2 Qb6 12. e3 Nf8 13. dxe5 dxe5 14. h3 Qc7 15. e4
Ne6 16. Be3 Nh5 17. c5 Rf8 18. Qe2 f5 19. exf5 gxf5 20. Ng5 Nxg5 21. Qxh5 Ne6
22. Rac1 Bd7 23. Rd6 Be8 24. Qd1 f4 25. Rxe6 fxe3 26. fxe3 Qf7 27. Rd6 Qf2+ 28.
Kh2 Qxe3 29. Ne4 Bh5 30. Qxh5 Qxc1 31. Ng5 Qc2 32. Ne4 Rf7 33. Rd2 Qc1 34. Ng5
Qxd2 35. Qxf7+ Kh8 36. Qf5 Kg8 37. Qe6+ Kh8 38. Nf7+ Kg8 39. Nh6+ Kh8 40. Qg8+
Rxg8 41. Nf7# 1-0

[Event "XXXV Festival A"]
[Site "Arco ITA"]
[Date "2013.10.15"]
[Round "4"]
[White "Meister, Peter"]
[Black "Perman, Sergey"]
[WhiteElo "2399"]
[BlackElo "2133"]
[Result "1/2-1/2"]
[PlyCount "127"]
[EventDate "2013.10.12"]

1. d4 g6 2. c4 Bg7 3. Nc3 d6 4. e4 Nf6 5. f3 O-O 6. Be3 Nc6 7. Nge2 a6 8. Qd2
Rb8 9. Rc1 Re8 10. g3 Nd7 11. Bg2 Na5 12. b3 c5 13. O-O b5 14. cxb5 axb5 15.
Rfd1 c4 16. b4 Nc6 17. Rb1 Nf6 18. Qc1 Qc7 19. h3 e5 20. d5 Ne7 21. a4 Bd7 22.
axb5 Bxb5 23. Bf1 Bd7 24. b5 Nc8 25. Rd2 Nb6 26. Ra2 Ra8 27. Ra6 Rab8 28. Qa3
Bc8 29. Ra7 Rb7 30. Ra5 Nfd7 31. Nc1 Rb8 32. Kg2 Bb7 33. Ra1 Ra8 34. Qb4 Bf8
35. Kh2 Be7 36. h4 Rxa5 37. Rxa5 Ra8 38. Rxa8+ Bxa8 39. Bh3 Bd8 40. Qa5 Bb7 41.
Bxd7 Nxd7 42. b6 Qc8 43. Nb5 Be7 44. Na7 Qe8 45. Qb4 f5 46. Qxc4 f4 47. Bf2
fxg3+ 48. Bxg3 Nc5 49. Nc6 Bd8 50. Nxe5 Bxh4 51. Ng4 Bxg3+ 52. Kxg3 Qe7 53. Qc3
h5 54. Qf6 Qxf6 55. Nxf6+ Kf7 56. Nh7 Nd7 57. Ne2 Nxb6 58. Kf4 Kg7 59. Ng5 Kf6
60. Nc3 Nc4 61. Nh7+ Kg7 62. Ng5 Kf6 63. Nh7+ Kg7 64. Ng5 1/2-1/2

[Event "XXXV Festival A"]
[Site "Arco ITA"]
[Date "2013.10.15"]
[Round "4"]
[White "Oppici, Gabriele"]
[Black "Rahls, Peter"]
[WhiteElo "1977"]
[BlackElo "2228"]
[Result "0-1"]
[PlyCount "126"]
[EventDate "2013.10.12"]

1. d4 d5 2. Nf3 Nf6 3. Bf4 c5 4. e3 e6 5. c3 Nc6 6. Bd3 Bd6 7. Bg3 Bxg3 8. hxg3
Qd6 9. Bb5 Bd7 10. Nbd2 a6 11. Bxc6 Bxc6 12. Ne5 Nd7 13. f4 Nxe5 14. fxe5 Qe7
15. Qg4 O-O-O 16. Nb3 c4 17. Nd2 f6 18. Nf3 Be8 19. O-O Bg6 20. Rf2 Be4 21. Nd2
Bf5 22. Qh4 h5 23. Qf4 Qc7 24. exf6 gxf6 25. Qxc7+ Kxc7 26. Rf4 Rdg8 27. Kh2
Rg6 28. Raf1 Rhg8 29. R1f3 Bg4 30. Rf1 f5 31. R4f2 Rh8 32. Nf3 Bxf3 33. Rxf3 h4
34. gxh4 Rxh4+ 35. Rh3 Rhg4 36. Rf2 Kd6 37. Rh7 Rg7 38. Rxg7 Rxg7 39. Rf3 b5
40. Rh3 Rb7 41. Rh8 b4 42. Ra8 Rb6 43. cxb4 Rxb4 44. Rxa6+ Ke7 45. Kg3 Rxb2 46.
Kf4 Kf6 47. g4 fxg4 48. Kxg4 Rb4 49. Ra3 Rb8 50. Kf4 Rc8 51. Rc3 Ra8 52. Rc2
Rf8 53. e4 Rh8 54. e5+ Ke7 55. Rb2 Rh4+ 56. Kg5 Rxd4 57. Rb7+ Kd8 58. Kf6 c3
59. Rb1 Kd7 60. Rb7+ Kc6 61. Rb1 c2 62. Rc1 Rc4 63. Kxe6 d4 0-1

[Event "XXXV Festival A"]
[Site "Arco ITA"]
[Date "2013.10.15"]
[Round "4"]
[White "Popa, Claudiu"]
[Black "Pipitone, Antonio"]
[WhiteElo "2136"]
[BlackElo "1923"]
[Result "1/2-1/2"]
[PlyCount "72"]
[EventDate "2013.10.12"]

1. e4 c5 2. c3 d5 3. exd5 Qxd5 4. d4 Nf6 5. Nf3 e6 6. Be2 Nc6 7. O-O Be7 8. Be3
Ng4 9. Nbd2 Nxe3 10. fxe3 Qd8 11. Bb5 O-O 12. Qe2 a6 13. Bd3 Rb8 14. a4 h6 15.
Ne4 cxd4 16. exd4 Bd7 17. b4 Qc7 18. Rac1 f5 19. Nc5 Bxc5 20. dxc5 Rbe8 21. Bc4
Kh7 22. Rcd1 Nd8 23. Bb3 Nf7 24. Nd4 Ng5 25. Qd3 Bc8 26. Rde1 g6 27. Nf3 Ne4
28. Qe3 Bd7 29. Bc2 Bc6 30. Bxe4 Bxe4 31. a5 Bd5 32. Qe5 Qg7 33. Qxg7+ Kxg7 34.
Ne5 Rd8 35. Rd1 Kf6 36. Rfe1 Rg8 1/2-1/2

[Event "XXXV Festival A"]
[Site "Arco ITA"]
[Date "2013.10.15"]
[Round "4"]
[White "Renzi, Marco"]
[Black "Pedersen, Henrik Bolding"]
[WhiteElo "1940"]
[BlackElo "2123"]
[Result "0-1"]
[PlyCount "118"]
[EventDate "2013.10.12"]

1. e4 c6 2. d4 d5 3. Nc3 dxe4 4. Nxe4 Nf6 5. Nxf6+ exf6 6. Bc4 Be7 7. Nf3 O-O
8. Be3 Na6 9. Bxa6 Qa5+ 10. c3 Qxa6 11. Qe2 b6 12. Qxa6 Bxa6 13. O-O-O Be2 14.
Rd2 Bxf3 15. gxf3 Rfd8 16. Bf4 g5 17. Re2 Rd7 18. Rhe1 Bf8 19. Bg3 Kg7 20. Re8
Rxe8 21. Rxe8 h5 22. h3 h4 23. Bh2 c5 24. dxc5 Bxc5 25. Re2 Rd3 26. Kc2 Rxf3
27. b4 Bf8 28. Bb8 a5 29. bxa5 bxa5 30. Ba7 Rxh3 31. a4 Rf3 32. Bb6 h3 33. Bd4
Bd6 34. c4 h2 35. Re1 Ra3 36. Rh1 Rxa4 37. Kd3 Kg6 38. c5 Bc7 39. c6 g4 40. Kc3
Kg5 41. Kd3 Kh4 42. Bb6 Bxb6 43. Rxh2+ Kg5 44. Rh1 Ra2 45. Rb1 Bc7 46. Rb7 Bh2
47. Rxf7 Rxf2 48. Rg7+ Kf5 49. Rh7 Be5 50. c7 Bxc7 51. Rxc7 a4 52. Rc5+ Kg6 53.
Rc4 Kg5 54. Rxa4 f5 55. Rb4 g3 56. Ra4 g2 57. Ra8 Kf4 58. Rg8 Kf3 59. Rg5 f4
0-1

[Event "XXXV Festival A"]
[Site "Arco ITA"]
[Date "2013.10.15"]
[Round "4"]
[White "Schnitzspan, Lothar"]
[Black "Xia, Jie"]
[WhiteElo "2324"]
[BlackElo "2282"]
[Result "1/2-1/2"]
[PlyCount "127"]
[EventDate "2013.10.12"]

1. Nf3 Nf6 2. c4 e6 3. b3 d5 4. Bb2 Be7 5. Rg1 c5 6. e3 Nc6 7. g4 d4 8. exd4
cxd4 9. d3 e5 10. g5 Nd7 11. a3 a5 12. Nbd2 Nc5 13. Qc2 Bf5 14. Ne4 Bxe4 15.
dxe4 Qb6 16. Nd2 d3 17. Bxd3 Rd8 18. Rg3 Bxg5 19. Rd1 Bf4 20. Rh3 O-O 21. Be2
Nd4 22. Bxd4 Rxd4 23. Nb1 Rxd1+ 24. Bxd1 Qg6 25. Kf1 Nxe4 26. Qd3 Qe6 27. Nc3
Ng5 28. Rh4 e4 29. Nxe4 Nxe4 30. Rxf4 Nc5 31. Qf5 Qd6 32. Bf3 g6 33. Qf6 Qxf6
34. Rxf6 Nxb3 35. Bd5 Nc5 36. Rb6 Rc8 37. Ke2 Kf8 38. Ke3 Ke7 39. Kd4 Rc7 40.
f3 a4 41. Kc3 h5 42. Kb4 h4 43. Kc3 Rd7 44. Kd4 Rc7 45. Ke3 h3 46. Kf4 Kd8 47.
Kg3 Re7 48. Rb5 b6 49. Rxb6 Re3 50. Bxf7 Rxa3 51. Bxg6 Rc3 52. Rb5 Nb3 53. Rb8+
Kc7 54. Ra8 Nd2 55. Bh5 a3 56. Kxh3 Nxc4 57. Kg4 Ne3+ 58. Kg5 Kb7 59. Ra4 Kb6
60. Bf7 Nf1 61. f4 Nxh2 62. f5 Rg3+ 63. Kf6 Ng4+ 64. Ke7 1/2-1/2

[Event "XXXV Festival A"]
[Site "Arco ITA"]
[Date "2013.10.15"]
[Round "4"]
[White "Tocco, Paolo"]
[Black "Niccoli, Paolo"]
[WhiteElo "2133"]
[BlackElo "1870"]
[Result "1/2-1/2"]
[PlyCount "38"]
[EventDate "2013.10.12"]

1. d4 g6 2. e4 Bg7 3. Nc3 d6 4. Be3 a6 5. h3 b5 6. a3 Bb7 7. Nf3 Nd7 8. Bd3
Ngf6 9. Qd2 c5 10. d5 c4 11. Be2 Nc5 12. e5 Nfe4 13. Nxe4 Nxe4 14. Qd4 Nc5 15.
O-O O-O 16. Rad1 Rc8 17. Rfe1 Nd7 18. Qa7 Qc7 19. Qd4 Nxe5 1/2-1/2

[Event "XXXV Festival A"]
[Site "Arco ITA"]
[Date "2013.10.15"]
[Round "4"]
[White "Valenti, Giuseppe"]
[Black "Goli, Daniele"]
[WhiteElo "2177"]
[BlackElo "1971"]
[Result "1-0"]
[PlyCount "41"]
[EventDate "2013.10.12"]

1. e4 g6 2. d4 Bg7 3. Nf3 d6 4. h3 Nf6 5. Nc3 c6 6. Bg5 Qa5 7. Qd2 Nbd7 8. Bd3
O-O 9. O-O Re8 10. Rfe1 e5 11. a3 a6 12. Bc4 Nf8 13. Rad1 Qc7 14. dxe5 dxe5 15.
Qd6 Qxd6 16. Rxd6 N6d7 17. Red1 Nb6 18. Bb3 Be6 19. Be3 Nc4 20. Rxe6 Nxe3 21.
Rxe8 1-0

[Event "XXXV Festival A"]
[Site "Arco ITA"]
[Date "2013.10.15"]
[Round "4"]
[White "Vezzosi, Paolo"]
[Black "Ottaviani, Gianluca"]
[WhiteElo "2267"]
[BlackElo "1983"]
[Result "1/2-1/2"]
[PlyCount "48"]
[EventDate "2013.10.12"]

1. d4 Nf6 2. Nf3 g6 3. c4 Bg7 4. Nc3 d5 5. Qb3 dxc4 6. Qxc4 O-O 7. e4 Be6 8.
Qd3 c5 9. d5 Bc8 10. Be3 b6 11. Rd1 Bg4 12. Be2 Nbd7 13. O-O Ne8 14. Qd2 Nd6
15. Bh6 Bxf3 16. gxf3 f5 17. Kh1 Rf7 18. Bxg7 Kxg7 19. Bb5 Nxb5 20. Nxb5 fxe4
21. fxe4 a6 22. Nc3 Rf3 23. Ne2 Qf8 24. Ng1 Qf6 1/2-1/2

[Event "XXXV Festival A"]
[Site "Arco ITA"]
[Date "2013.10.15"]
[Round "4"]
[White "Wild, Helmut"]
[Black "Dappiano, Andrea"]
[WhiteElo "1973"]
[BlackElo "2170"]
[Result "1-0"]
[PlyCount "65"]
[EventDate "2013.10.12"]

1. c4 e6 2. e4 d5 3. exd5 exd5 4. d4 Bb4+ 5. Nc3 Ne7 6. Bd3 O-O 7. Nf3 dxc4 8.
Bxc4 Bg4 9. Be3 Nd5 10. O-O Nxc3 11. Qb3 Bxf3 12. gxf3 Bd6 13. Qxb7 Na4 14.
Qxa8 Nb6 15. Qxa7 Nxc4 16. Qb7 Qh4 17. f4 c6 18. Qb3 Nxe3 19. fxe3 Re8 20. Rf3
Nd7 21. Qc2 c5 22. Qf5 Nf6 23. dxc5 g6 24. Qg5 Qxg5+ 25. fxg5 Bxc5 26. gxf6
Bxe3+ 27. Kf1 Bd4 28. Rb1 Re6 29. b4 Bxf6 30. b5 Be5 31. b6 Bxh2 32. b7 Bb8 33.
Re1 1-0

[Event "XXXV Festival A"]
[Site "Arco ITA"]
[Date "2013.10.15"]
[Round "4"]
[White "Zucchelli, Massimo"]
[Black "Giuriato, Sergio"]
[WhiteElo "2199"]
[BlackElo "1973"]
[Result "1/2-1/2"]
[PlyCount "48"]
[EventDate "2013.10.12"]

1. d4 Nf6 2. c4 e6 3. Nc3 d5 4. cxd5 exd5 5. Bg5 c6 6. e3 Be7 7. Qc2 O-O 8. Bd3
Nbd7 9. Nge2 Re8 10. O-O Nf8 11. f3 Ng6 12. Rad1 Be6 13. e4 dxe4 14. fxe4 Ng4
15. Bxe7 Qxe7 16. Qd2 Rad8 17. h3 Nh6 18. a3 c5 19. d5 Bd7 20. Nf4 Nxf4 21.
Qxf4 Qe5 22. Qxe5 Rxe5 23. Rfe1 f6 24. Bb5 Nf7 1/2-1/2

[Event "XXXV Festival A"]
[Site "Arco ITA"]
[Date "2013.10.16"]
[Round "5"]
[White "Bruno, Fabio"]
[Black "Trauth, Michael"]
[WhiteElo "2408"]
[BlackElo "2182"]
[Result "1-0"]
[PlyCount "97"]
[EventDate "2013.10.12"]

1. Nf3 c5 2. c4 Nf6 3. Nc3 Nc6 4. e3 g6 5. d4 cxd4 6. exd4 d5 7. cxd5 Nxd5 8.
Qb3 e6 9. Bg5 Qb6 10. Bb5 Bg7 11. Na4 Qa5+ 12. Bd2 Qc7 13. Bxc6+ bxc6 14. Qa3
Qe7 15. Nc5 O-O 16. O-O Re8 17. Rfe1 Qd6 18. Qa5 Rb8 19. b3 Qc7 20. Qxc7 Nxc7
21. Bf4 e5 22. Bxe5 Bxe5 23. Nxe5 Be6 24. Nxc6 Rb6 25. Nxe6 fxe6 26. Rac1 Nd5
27. Rc5 Nf4 28. Re3 Nd5 29. Rxd5 Rxc6 30. Rc5 Rd6 31. Rc4 Red8 32. g3 Kf7 33.
Rc7+ Kf6 34. Rf3+ Kg5 35. Rxa7 Rxd4 36. Rxh7 e5 37. Kg2 Rd2 38. Re7 Re2 39. h4+
Kg4 40. Re6 Rg8 41. a4 g5 42. hxg5 Kxg5 43. a5 Rd8 44. a6 Rdd2 45. Re8 Ra2 46.
Ra8 Kg6 47. a7 Kg7 48. Rff8 e4 49. Rg8+ 1-0

[Event "XXXV Festival A"]
[Site "Arco ITA"]
[Date "2013.10.16"]
[Round "5"]
[White "Buglisi, Massimo"]
[Black "Knors, Rudi"]
[WhiteElo "1942"]
[BlackElo "2100"]
[Result "0-1"]
[PlyCount "136"]
[EventDate "2013.10.12"]

1. d4 d5 2. c4 c6 3. Nc3 e5 4. dxe5 d4 5. Ne4 Qa5+ 6. Bd2 Qxe5 7. Ng3 c5 8. Nf3
Qd6 9. Qc2 Nf6 10. O-O-O Bg4 11. e3 Nc6 12. Bd3 O-O-O 13. Bf5+ Kb8 14. h3 Bxf3
15. gxf3 g6 16. Bd3 Bh6 17. Ne4 Qe7 18. h4 Ka8 19. Ng5 Bg7 20. f4 h6 21. Nf3
Ng4 22. Rhf1 Nxf2 23. Rde1 Nxd3+ 24. Qxd3 dxe3 25. Qxe3 Qxe3 26. Rxe3 Rhe8 27.
Ne5 Nxe5 28. fxe5 Re7 29. Bc3 b6 30. Ref3 Rdd7 31. Kc2 h5 32. R1f2 Kb7 33. b3
Kc8 34. Rd2 Rxd2+ 35. Kxd2 Kd7 36. Rd3+ Ke6 37. Rd5 Rd7 38. Rxd7 Bh6+ 39. Kd3
Kxd7 40. Ke4 Ke6 41. b4 cxb4 42. Bxb4 Bg7 43. Bd6 f6 44. exf6 Bxf6 45. Bg3 Be7
46. Bf2 g5 47. hxg5 Bxg5 48. a4 h4 49. c5 bxc5 50. Bxc5 a6 51. Kf3 Kf5 52. Kg2
Kg4 53. Kh2 Bf4+ 54. Kg2 Bc7 55. Bb4 h3+ 56. Kh1 Kf3 57. Bc3 Ke2 58. Bf6 Kd3
59. Be7 Kc4 60. Bh4 Kb3 61. a5 Bxa5 62. Kh2 Bc7+ 63. Kxh3 a5 64. Be7 a4 65. Kg2
Ba5 66. Kf1 Bb4 67. Bf6 a3 68. Ke2 Bc3 0-1

[Event "XXXV Festival A"]
[Site "Arco ITA"]
[Date "2013.10.16"]
[Round "5"]
[White "Fuggetta, Leonardo"]
[Black "Zucchelli, Massimo"]
[WhiteElo "2015"]
[BlackElo "2199"]
[Result "0-1"]
[PlyCount "102"]
[EventDate "2013.10.12"]

1. d4 d5 2. Nf3 Nf6 3. Bf4 c5 4. dxc5 e6 5. e3 Bxc5 6. Nbd2 Nc6 7. c3 O-O 8. b4
Bd6 9. b5 Bxf4 10. exf4 Na5 11. Rc1 b6 12. Bd3 Bb7 13. O-O Rc8 14. Ne5 g6 15.
Ndf3 Rc7 16. Nd4 Qc8 17. Qe1 Ne4 18. f3 Nc5 19. Be2 Na4 20. c4 dxc4 21. Qg3 Bd5
22. Ndc6 Nxc6 23. bxc6 f6 24. Ng4 Rxc6 25. Qh4 Qd8 26. Rfd1 Qe7 27. Ne3 Qc5 28.
Qf2 b5 29. f5 Nb6 30. fxe6 Bxe6 31. Kf1 a5 32. Nc2 Qxf2+ 33. Kxf2 Bf7 34. Nd4
Rc5 35. Nb3 Rh5 36. Nxa5 Ra8 37. Rd6 Rxa5 38. Rxb6 Rxa2 39. f4 Rf5 40. g3 g5
41. Ke3 Rd5 42. Rxf6 Bg6 43. Rb6 gxf4+ 44. gxf4 Ra3+ 45. Kf2 Rf5 46. Rxb5 Rxf4+
47. Kg1 c3 48. Rc5 c2 49. Rc7 Ra5 50. R7xc2 Rg5+ 51. Kh1 Be4+ 0-1

[Event "XXXV Festival A"]
[Site "Arco ITA"]
[Date "2013.10.16"]
[Round "5"]
[White "Giuriato, Sergio"]
[Black "Cardili, Mariano"]
[WhiteElo "1973"]
[BlackElo "2127"]
[Result "1/2-1/2"]
[PlyCount "30"]
[EventDate "2013.10.12"]

1. d4 d5 2. c4 c6 3. Nf3 Nf6 4. e3 e6 5. b3 Nbd7 6. Bb2 Bd6 7. Bd3 O-O 8. O-O
b6 9. Ne5 Bb7 10. Nd2 Rc8 11. f4 Qe7 12. Qf3 Bb4 13. Rad1 Bxd2 14. Rxd2 g6 15.
Qh3 Nxe5 1/2-1/2

[Event "XXXV Festival A"]
[Site "Arco ITA"]
[Date "2013.10.16"]
[Round "5"]
[White "Hocevar, Nikola"]
[Black "Tocco, Paolo"]
[WhiteElo "2005"]
[BlackElo "2133"]
[Result "0-1"]
[PlyCount "64"]
[EventDate "2013.10.12"]

1. d4 f5 2. g3 Nf6 3. Bg2 e6 4. Nf3 Be7 5. O-O O-O 6. b3 Ne4 7. Nfd2 d5 8. f3
Nxd2 9. Bxd2 c5 10. c3 Nc6 11. Be3 b6 12. Qd2 Ba6 13. Rc1 Rc8 14. Bf2 Qd6 15.
f4 Bf6 16. e3 Rfd8 17. Bf3 g5 18. Be2 Bxe2 19. Qxe2 cxd4 20. fxg5 Bxg5 21. Qh5
Bxe3 22. Bxe3 dxe3 23. Qg5+ Kf7 24. Qh5+ Kf8 25. Qxh7 d4 26. Qh6+ Ke7 27. Qg7+
Ke8 28. Qg6+ Kd7 29. cxd4 Qxd4 30. Nc3 e2+ 31. Kg2 Ne7 32. Nxe2 Qe4+ 0-1

[Event "XXXV Festival A"]
[Site "Arco ITA"]
[Date "2013.10.16"]
[Round "5"]
[White "Karpatchev, Aleksandr"]
[Black "De Santis, Alessio"]
[WhiteElo "2461"]
[BlackElo "2294"]
[Result "1/2-1/2"]
[PlyCount "56"]
[EventDate "2013.10.12"]

1. e4 c5 2. c3 e6 3. d4 d5 4. e5 Nc6 5. Nf3 Bd7 6. Be2 Nge7 7. O-O Nf5 8. Bd3
cxd4 9. Bxf5 exf5 10. Nxd4 Be7 11. Qf3 Nxd4 12. cxd4 Be6 13. Qg3 g5 14. Qb3 Qd7
15. Bd2 f4 16. Nc3 O-O 17. Qb5 Rfd8 18. Rac1 Qxb5 19. Nxb5 Rd7 20. a3 a6 21.
Nc7 Rc8 22. Nxe6 Rxc1 23. Rxc1 fxe6 24. h4 h6 25. Rc8+ Kf7 26. Kh2 Bd8 27. Kh3
Bb6 28. Bc3 Rd8 1/2-1/2

[Event "XXXV Festival A"]
[Site "Arco ITA"]
[Date "2013.10.16"]
[Round "5"]
[White "Kierzek, Matthias"]
[Black "Kveinys, Aloyzas"]
[WhiteElo "2236"]
[BlackElo "2511"]
[Result "0-1"]
[PlyCount "66"]
[EventDate "2013.10.12"]

1. d4 Nf6 2. c4 e6 3. Nf3 Bb4+ 4. Bd2 a5 5. g3 d6 6. Bg2 Nbd7 7. O-O e5 8. Nc3
c6 9. Qc2 O-O 10. e4 exd4 11. Nxd4 Ne5 12. b3 Bc5 13. Nce2 Re8 14. Kh1 Ng6 15.
Rae1 Qb6 16. Bc3 Bg4 17. f3 Bd7 18. f4 Bb4 19. Nf5 Bxf5 20. exf5 Nf8 21. Nd4
N8d7 22. Rxe8+ Rxe8 23. Bb2 Ng4 24. Qd3 Ndf6 25. h3 Re3 26. Qd1 Nf2+ 27. Rxf2
Re1+ 28. Qxe1 Bxe1 29. Rf3 h5 30. Nc2 Bf2 31. Rd3 Qd8 32. Be5 Bc5 33. Bf3 Qc8
0-1

[Event "XXXV Festival A"]
[Site "Arco ITA"]
[Date "2013.10.16"]
[Round "5"]
[White "Ottaviani, Gianluca"]
[Black "Bonagura, Stefano"]
[WhiteElo "1983"]
[BlackElo "2183"]
[Result "1/2-1/2"]
[PlyCount "123"]
[EventDate "2013.10.12"]

1. e4 c6 2. d4 d5 3. Nc3 dxe4 4. Nxe4 Nf6 5. Nxf6+ gxf6 6. c3 Nd7 7. Nf3 Nb6 8.
g3 h5 9. Bg2 Bg4 10. h3 Be6 11. O-O Qd7 12. Kh2 O-O-O 13. a4 Nd5 14. a5 Bf5 15.
Nh4 e5 16. Nxf5 Qxf5 17. h4 Kb8 18. dxe5 Bc5 19. Qf3 Qxf3 20. Bxf3 fxe5 21. c4
Nb4 22. Bg5 Rde8 23. Be4 Bd4 24. Rab1 c5 25. Kg2 Re6 26. Bd2 Ra6 27. f4 f6 28.
fxe5 Bxe5 29. Bc3 Re6 30. Bf5 Rd6 31. Rbd1 Bd4 32. Rxd4 Rxd4 33. Bxd4 cxd4 34.
Rd1 Rd8 35. Kf3 Kc7 36. Bg6 Kc6 37. Bxh5 Kc5 38. b3 Rh8 39. Bg6 Nc6 40. a6 Ne5+
41. Ke4 bxa6 42. h5 d3 43. Kf5 Kd4 44. Kxf6 Rf8+ 45. Kg7 Rb8 46. Rxd3+ Nxd3 47.
Bxd3 Kxd3 48. h6 Rxb3 49. h7 Rb7+ 50. Kh6 Rb8 51. g4 a5 52. g5 a4 53. g6 a3 54.
g7 a2 55. h8=Q Rb6+ 56. Kg5 a1=Q 57. Qd8+ Kc2 58. g8=Q Qe5+ 59. Kg4 Qe4+ 60.
Kg5 Qe5+ 61. Kg4 Qe4+ 62. Kg5 1/2-1/2